[Event "Hastings Masters op 89th"]
[Site "Hastings"]
[Date "2013.12.31"]
[Round "4"]
[White "Roggensack, Hans Peter"]
[Black "Croad, Nicholas"]
[Result "1/2-1/2"]
[WhiteElo "1972"]
[BlackElo "2272"]
[PlyCount "172"]
[EventDate "2013.12.28"]
[EventType "swiss"]
[EventRounds "9"]
[EventCountry "ENG"]
[SourceTitle "CBM 158 Extra"]
[Source "ChessBase"]
[SourceDate "2014.02.28"]
[SourceVersion "1"]
[SourceVersionDate "2014.02.28"]
[SourceQuality "1"]

1. e4 e6 2. d3 d5 3. Nd2 Nf6 4. Ngf3 Bc5 5. e5 Nfd7 6. d4 Bb6 7. Bd3 c5 8. c3 Nc6 9. dxc5 Nxc5 10. Nb3 Nxd3+ 11. Qxd3 Qc7 12. Qe2 Bd7 13. 0-0 a6 14. Re1 Ba7 15. Bf4 Ne7 16. Nfd4 Rc8 17. g4 Ng6 18. Bg3 Qc4 19. Kg2 Qxe2 20. Rxe2 h5 21. h3 Bb6 22. f4 Ne7 23. Bf2 Bd8 24. Be3 Ng6 25. Rf1 a5 26. a3 a4 27. Nd2 Ne7 28. N2f3 Ra8 29. Bf2 Nc8 30. Be3 Nb6 31. Nd2 Rc8 32. f5 Nc4 33. Nxc4 Rxc4 34. fxe6 fxe6 35. Ref2 hxg4 36. hxg4 Bc7 37. Bf4 0-0 38. Bg3 Rxf2+ 39. Rxf2 Bb6 40. Rd2 Rc8 41. Bf2 Bc7 42. Bg3 Bd8 43. Rf2 Ra8 44. Kh3 Ra6 45. Bh4 Bc7 46. Re2 Be8 47. Be7 Bd7 48. Bc5 Ra8 49. Kg3 Rc8 50. Kf4 Kf7 51. Bd6 Bb6 52. Kg3 Rh8 53. Rh2 Rxh2 54. Kxh2 Bd8 55. b3 Bg5 56. bxa4 Bd2 57. Nb5 Bc6 58. Kg3 Kg6 59. Bb4 Be1+ 60. Kf4 Bd2+ 61. Kg3 Bc1 62. Nd4 Bd7 63. Kf3 Kf7 64. Nb3 Bg5 65. a5 Ba4 66. Nc5 Bc6 67. Kg3 Be3 68. a6 Bxc5 69. Bxc5 bxa6 70. Kf4 Kg6 71. Bb6 Ba4 72. Bc5 Bc2 73. Bf8 Kf7 74. Bc5 Ke8 75. g5 Kd7 76. Ke3 Kc6 77. Kd4 Kb5 78. Bf8 g6 79. Be7 Bb3 80. Bb4 Bc4 81. Bd6 Ka4 82. Bb4 a5 83. Be7 Kb3 84. Bd8 a4 85. Be7 Kb2 86. Bf8 Kc2 1/2-1/2

[Event "Hastings Masters op 89th"]
[Site "Hastings"]
[Date "2013.12.30"]
[Round "3"]
[White "Snape, Ian L"]
[Black "Roggensack, Hans Peter"]
[Result "1/2-1/2"]
[WhiteElo "2229"]
[BlackElo "1972"]
[PlyCount "113"]
[EventDate "2013.12.28"]
[EventType "swiss"]
[EventRounds "9"]
[EventCountry "ENG"]
[SourceTitle "CBM 158 Extra"]
[Source "ChessBase"]
[SourceDate "2014.02.28"]
[SourceVersion "1"]
[SourceVersionDate "2014.02.28"]
[SourceQuality "1"]

1. c4 Nf6 2. Nc3 c6 3. e4 d5 4. e5 d4 5. exf6 dxc3 6. bxc3 gxf6 7. d4 e6 8. Bd3 b6 9. Nf3 Bb7 10. Qe2 Qc7 11. h4 Nd7 12. h5 h6 13. a4 c5 14. Be3 Bd6 15. Qd2 0-0-0 16. Bxh6 Rdg8 17. Kf1 f5 18. Rh4 Nf6 19. d5 Ng4 20. Rxg4 Rxg4 21. Re1 Bf4 22. Bxf4 Qxf4 23. Qxf4 Rxf4 24. Ne5 exd5 25. Nxf7 Rxh5 26. Re7 Ba6 27. g3 Re4 28. Rxa7 Bxc4 29. Bxc4 Kb8 30. Ra6 Rxc4 31. Rxb6+ Kc7 32. a5 Rxc3 33. Nd6 Rc1+ 34. Kg2 d4 35. Nb5+ Kd7 36. a6 Ra1 37. a7 d3 38. Rd6+ Kc8 39. Rxd3 Rh8 40. Rd5 Rf8 41. Rxc5+ Kb7 42. Rxf5 Rxf5 43. Nd6+ Kc6 44. Nxf5 Rxa7 45. g4 Kd5 46. Kg3 Ke5 47. Nh4 Ra3+ 48. f3 Rb3 49. Ng6+ Kf6 50. Nf4 Ra3 51. Nh3 Rb3 52. Nf2 Ke5 53. Ne4 Rd3 54. Ng5 Ra3 55. Nf7+ Ke6 56. Nh6 Ke5 57. Nf5 1/2-1/2

[Event "Hastings Masters op 89th"]
[Site "Hastings"]
[Date "2013.12.28"]
[Round "1"]
[White "Dean, Michael J"]
[Black "Roggensack, Hans Peter"]
[Result "1/2-1/2"]
[WhiteElo "1597"]
[BlackElo "1972"]
[PlyCount "53"]
[EventDate "2013.12.28"]
[EventType "swiss"]
[EventRounds "9"]
[EventCountry "ENG"]
[SourceTitle "CBM 158 Extra"]
[Source "ChessBase"]
[SourceDate "2014.02.28"]
[SourceVersion "1"]
[SourceVersionDate "2014.02.28"]
[SourceQuality "1"]

1. e4 e5 2. Nf3 Nf6 3. Nxe5 d6 4. Nf3 Nxe4 5. Bc4 d5 6. Bb3 Be7 7. 0-0 Nc5 8. c3 Nxb3 9. Qxb3 0-0 10. d4 c6 11. Be3 Nd7 12. Nbd2 Nf6 13. Bg5 h6 14. Bxf6 Bxf6 15. Rae1 Qc7 16. Ne5 g6 17. Ndf3 Kg7 18. Re3 h5 19. h4 Bf5 20. Rfe1 Rae8 21. Qd1 Qd8 22. g3 Re6 23. Qd2 Rfe8 24. R3e2 Be4 25. Qf4 Bxf3 26. Qxf3 Qe7 27. Kg2 1/2-1/2